000 00747cam a2200277 a 4500
999 _c8946
_d8946
001 8946
003 BD-JhCC
005 20180305202306.0
008 700911s1966 enk b 001 0 eng
035 _a(BD-JhCC)8946
040 _aLC
_cLC
_dVMOU
_dBD-JhCC
041 _aeng
050 0 0 _aPN45
_b.W35 1966
050 0 0 _aPN45
_b.W36 1966
082 0 4 _a801
_bWEL 1966
100 1 _aWellek, Rene.
245 1 0 _aTheory of literature
_c[by] Rene Wellek & Austin Warren.
250 _a3rd (revised) ed.
260 _aLondon,
_bCape,
_c1966.
300 _a375 p.
_c23 cm.
504 _aBibliography: p. 317-357.
650 0 _aLiterature
_xPhilosophy.
700 1 _aWarren, Austin,
_d1899-,
942 _2ddc
_cBK